Normal view
MARC view
- BALIGA, B.JAYANT
Entry Personal Name
001 - CONTROL NUMBER
- control field: 65909
003 - CONTROL NUMBER IDENTIFIER
- control field: NUST
005 - DATE AND TIME OF LATEST TRANSACTION
- control field: 20210628203516.0
008 - FIXED-LENGTH DATA ELEMENTS
- fixed length control field: 210628|| aca||aabn | a|a d
040 ## - CATALOGING SOURCE
- Original cataloging agency: NUST
- Transcribing agency: NUST
100 ## - HEADING--PERSONAL NAME
- Personal name: BALIGA, B.JAYANT
670 ## - SOURCE DATA FOUND
- Source citation: Work cat.: (NUST): BALIGA, B.JAYANT, MODERN POWER DEVICES, 1987
